[Event "25th Czech Rapid G1 2014"]
[Site "Pardubice CZE"]
[Date "2014.07.16"]
[Round "2.58"]
[White "Shuvalova, Polina"]
[Black "Soural, Jan"]
[Result "1/2-1/2"]
[WhiteTitle "WFM"]
[WhiteElo "2108"]
[BlackElo "2234"]
[WhiteFideId "24171760"]
[BlackFideId "311928"]
[EventDate "2014.07.16"]

1. e4 c5 2. Nf3 e6 3. Nc3 a6 4. d4 cxd4 5. Nxd4 Qc7 6. Bd3 Bc5 7. Nf3 Nc6 8. O-O
b5 9. Re1 d6 10. a3 Bb7 11. b4 Nxb4 12. axb4 Bxb4 13. Ne2 Bxe1 14. Qxe1 Nf6 15.
Ng3 O-O 16. Bb2 Ng4 17. h3 Ne5 18. Nxe5 dxe5 19. Qc3 Qxc3 20. Bxc3 f6 21. Bb4
Rfc8 22. f3 Rc6 23. Kf2 Rac8 24. Ke3 Rxc2 25. Bxc2 Rxc2 26. Ne2 Rc4 27. Bd2 Rc7
28. Rc1 Rd7 29. Ba5 Kf7 30. Rc7 Ke7 31. Rxd7+ Kxd7 32. Kd3 Bc6 33. Nc1 b4 34.
Bxb4 Bb5+ 35. Ke3 Bf1 36. Kf2 Bc4 37. Ne2 Ke8 38. Ke3 Kf7 39. Nc3 Bf1 40. Kf2
Bc4 41. Nd1 Ke8 42. Ne3 Bb5 43. Ke1 Kf7 44. Kd2 Kg6 45. Bf8 Kf7 46. Bc5 Kg6 47.
Kc3 Be2 48. Kd2 Bb5 49. Ke1 Kf7 50. Bb4 Kg6 51. Kf2 Kf7 52. Nf1 Kg6 53. Ng3 Bc4
54. Ke3 Kg5 55. Bd2 Kg6 56. Kf2 Kf7 57. Ke1 Ke8 58. Bb4 Kf7 59. Bc5 Bb5 60. Kd2
Kg6 61. Be3 Kf7 62. Kc3 Kg6 63. Kb4 f5 64. exf5+ exf5 65. f4 exf4 66. Bxf4 Bc6
67. Be5 Bxg2 68. Nxf5 Kxf5 69. Bxg7 Bxh3 70. Kb3 Bf1 71. Bf8 h5 72. Be7 Ke6 73.
Bh4 Kd5 74. Kb4 Kc6 75. Ka5 Bb5 76. Bg5 Kd5 77. Kb4 Kd4 78. Bh4 Ke3 79. Bg5+ Kf3
80. Be7 Kg4 81. Bd8 h4 82. Bxh4 Kxh4 83. Kc3 Kg4 84. Kb2 Kf3 85. Kc3 Ke2 86. Kb2
Kd1 87. Kb1 a5 88. Kb2 Bc4 89. Kb1 a4 90. Kb2 Kd2 91. Ka3 Bb5 92. Kb2 Kd1 93.
Kb1 Bd3+ 94. Kb2 Bc4 95. Ka3 Bb3 96. Kb2 Kd2 97. Kb1 a3 98. Ka1 Kc3 99. Kb1 a2+
100. Ka1 Kc2 1/2-1/2

[Event "25th Czech Rapid G1 2014"]
[Site "Pardubice CZE"]
[Date "2014.07.16"]
[Round "2.59"]
[White "Jeitz, Christian"]
[Black "Andreeva, Elena"]
[Result "1/2-1/2"]
[WhiteElo "2189"]
[BlackElo "1946"]
[WhiteFideId "4000803"]
[BlackFideId "24104701"]
[EventDate "2014.07.16"]

1. e4 c5 2. Nf3 d6 3. Bb5+ Bd7 4. Bxd7+ Qxd7 5. c4 Nf6 6. Nc3 Nc6 7. d4 cxd4 8.
Nxd4 g6 9. f3 Bg7 10. Be3 O-O 11. O-O Rac8 12. b3 Ne8 13. Rc1 Nc7 14. Nxc6 bxc6
15. Bxa7 Ne6 16. Be3 c5 17. Nd5 Qa7 18. Qd2 Nd4 19. Rcd1 Ra8 20. Bh6 e6 21. Bxg7
Kxg7 22. Nc3 Qe7 23. Ne2 Nxe2+ 24. Qxe2 Ra6 25. Rd2 Rfa8 26. Rfd1 Qa7 27. e5 d5
28. cxd5 exd5 29. Rxd5 Rxa2 30. Qe3 Qa6 31. R5d2 Qe6 32. h4 Rxd2 33. Rxd2 Ra3
34. Qxc5 Rxb3 35. Rd8 Qb6 36. Qxb6 Rxb6 37. Re8 Rb4 38. g3 Rb2 39. f4 Re2 40.
Re7 Kf8 41. Rd7 h5 42. Rd3 Ke7 43. Rf3 Ke6 44. Rf2 Re3 45. Kg2 Kf5 46. Rf3 Re2+
47. Rf2 Re3 48. Rf3 Re2+ 49. Rf2 1/2-1/2

[Event "25th Czech Rapid G1 2014"]
[Site "Pardubice CZE"]
[Date "2014.07.16"]
[Round "2.60"]
[White "Smolej, Lukas"]
[Black "Seidl, Stepan"]
[Result "0-1"]
[WhiteElo "2003"]
[BlackElo "2209"]
[WhiteFideId "363782"]
[BlackFideId "338290"]
[EventDate "2014.07.16"]

1. d4 Nf6 2. Nc3 d5 3. Bg5 g6 4. Qd2 Bg7 5. Bh6 O-O 6. Bxg7 Kxg7 7. O-O-O Na6 8.
f3 c5 9. h4 h5 10. g4 hxg4 11. h5 Rh8 12. h6+ Kh7 13. fxg4 Bxg4 14. Bh3 Bh5 15.
Nf3 Bxf3 16. exf3 e6 17. Rdg1 Rg8 18. Ne2 Rc8 19. Nf4 Rc6 20. Bg4 cxd4 21. Nh3
Qc7 22. Ng5+ Kh8 23. Qxd4 e5 24. Qxe5 Re8 25. Qxc7 Rxc7 26. Re1 Rce7 27. Kd2
Rxe1 28. Rxe1 Rxe1 29. Kxe1 Nxg4 30. fxg4 f6 31. Nf7+ Kh7 32. Kd2 Nc5 33. b4
Ne4+ 34. Ke3 b5 35. Kd4 Nf2 36. Kxd5 Nxg4 37. Kc5 Nxh6 38. Nd6 g5 39. Nxb5 g4
40. Nd4 f5 41. a4 f4 42. a5 f3 43. b5 0-1

[Event "25th Czech Rapid G1 2014"]
[Site "Pardubice CZE"]
[Date "2014.07.16"]
[Round "2.61"]
[White "Hiller, Simon"]
[Black "Bjornsson, Tomas"]
[Result "1/2-1/2"]
[BlackTitle "FM"]
[WhiteElo "1973"]
[BlackElo "2144"]
[WhiteFideId "24641308"]
[BlackFideId "2300303"]
[EventDate "2014.07.16"]

1. Nf3 d5 2. g3 Nf6 3. Bg2 g6 4. d4 Bg7 5. O-O O-O 6. c4 c6 7. cxd5 cxd5 8. Nc3
Nc6 9. Ne5 Be6 10. Bf4 Nh5 11. Nxc6 bxc6 12. Be3 Qd7 13. Qa4 Rfc8 14. Rfd1 Rab8
15. Qa3 Qd6 16. Qxd6 exd6 17. b3 f5 18. Rac1 Nf6 19. Bf4 Bf8 20. Rc2 Kf7 1/2-1/2

[Event "25th Czech Rapid G1 2014"]
[Site "Pardubice CZE"]
[Date "2014.07.16"]
[Round "2.63"]
[White "Vokoun, Jan"]
[Black "Jelinek, Vaclav"]
[Result "1-0"]
[WhiteTitle "FM"]
[WhiteElo "2195"]
[BlackElo "1973"]
[WhiteFideId "301647"]
[BlackFideId "317454"]
[EventDate "2014.07.16"]

1. d4 g6 2. Bg5 Bg7 3. e3 Nf6 4. Nd2 O-O 5. Ngf3 d6 6. h3 c5 7. c3 Nc6 8. a4 a5
9. Qb3 b6 10. Be2 Qc7 11. Bf4 Bf5 12. O-O Ne4 13. Nxe4 Bxe4 14. Ng5 Bf5 15. Rad1
h6 16. Nf3 Kh7 17. g4 Bd7 18. Bg3 Rae8 19. Nd2 f5 20. gxf5 Bxf5 21. h4 e5 22.
dxc5 bxc5 23. Nc4 Be6 24. Qc2 d5 25. Nd2 Qf7 26. h5 Qf6 27. Qxg6+ Qxg6 28. hxg6+
Kxg6 29. Nb3 c4 30. Nc5 Bh3 31. Rfe1 Rd8 32. Rd2 Bf6 33. e4 d4 34. Bxc4 dxc3 35.
Rxd8 Rxd8 36. bxc3 Rd2 37. Bb5 Nd8 38. Nb3 Rb2 39. Nxa5 Ne6 40. Nc4 Rc2 41.
Nxe5+ Bxe5 42. Bxe5 Ng5 43. Re3 Bg4 44. Kg2 h5 45. Kg3 Rc1 46. f4 Nh3 47. Rd3
Ng1 48. Rd6+ Kf7 49. f5 Nf3 50. Bd4 Ng5 51. Rd7+ Kf8 52. Bc5+ Kg8 53. Bc4+ 1-0

[Event "25th Czech Rapid G1 2014"]
[Site "Pardubice CZE"]
[Date "2014.07.16"]
[Round "2.64"]
[White "Lebediantsev, Ruslan"]
[Black "Stary, Lukas"]
[Result "1-0"]
[WhiteElo "2145"]
[BlackElo "1929"]
[WhiteFideId "24135755"]
[BlackFideId "322806"]
[EventDate "2014.07.16"]

1. e4 d6 2. d4 Nf6 3. Nc3 g6 4. f4 Bg7 5. Nf3 O-O 6. e5 dxe5 7. fxe5 Nd5 8. Bc4
c6 9. O-O Bg4 10. h3 Bxf3 11. Qxf3 e6 12. Ne4 Nb6 13. Qd3 Nxc4 14. Qxc4 Nd7 15.
Bg5 Qc7 16. Be7 Rfe8 17. Bd6 Qb6 18. Rf2 Bf8 19. Raf1 Bxd6 20. Nxd6 Re7 21. Nxf7
Rf8 22. Nh6+ Kg7 23. Rxf8 Nxf8 24. Ng4 Nd7 25. Kh1 c5 26. d5 exd5 27. Qxd5 h5
28. Nf6 Qd8 29. e6 Rxe6 30. Qxe6 Nxf6 31. Qe5 b6 32. g4 hxg4 33. hxg4 Qd5+ 34.
Qxd5 Nxd5 35. Rd1 Ne3 36. Rd7+ Kh6 37. Rxa7 Nxg4 38. Rb7 Ne3 39. Rxb6 Nxc2 40.
Rc6 Nb4 41. Rxc5 Nxa2 42. Rc4 g5 43. Kg2 Kh5 44. Kg3 Kg6 45. b4 Nxb4 46. Rxb4
Kf5 47. Rb5+ 1-0

[Event "25th Czech Rapid G1 2014"]
[Site "Pardubice CZE"]
[Date "2014.07.16"]
[Round "2.65"]
[White "Skaloud, Dusan"]
[Black "Valenta, Vit"]
[Result "1/2-1/2"]
[BlackTitle "FM"]
[WhiteElo "1950"]
[BlackElo "2132"]
[WhiteFideId "339610"]
[BlackFideId "307440"]
[EventDate "2014.07.16"]

1. e4 c5 2. Nf3 g6 3. d4 cxd4 4. Nxd4 Nc6 5. Nc3 Bg7 6. Be3 Nf6 7. Bc4 Qa5 8.
O-O O-O 9. Bb3 d6 10. f4 Qh5 11. Qf3 1/2-1/2

[Event "25th Czech Rapid G1 2014"]
[Site "Pardubice CZE"]
[Date "2014.07.16"]
[Round "2.66"]
[White "Krouzel, Jaroslav"]
[Black "Zverina, Jan"]
[Result "1-0"]
[WhiteTitle "FM"]
[WhiteElo "2125"]
[BlackElo "1872"]
[WhiteFideId "301566"]
[BlackFideId "328812"]
[EventDate "2014.07.16"]

1. d4 Nf6 2. c4 c5 3. d5 e6 4. Nc3 exd5 5. cxd5 d6 6. e4 g6 7. Bf4 Nh5 8. Be3
Bg7 9. Be2 Nf6 10. Nf3 O-O 11. Nd2 b6 12. O-O a6 13. a4 Nbd7 14. Nc4 Ne5 15.
Nxe5 dxe5 16. a5 Nd7 17. axb6 Qxb6 18. Na4 Qb4 19. Qc2 Bb7 20. Bd2 Qd4 21. Bc3
Qb4 1-0

[Event "25th Czech Rapid G1 2014"]
[Site "Pardubice CZE"]
[Date "2014.07.16"]
[Round "2.67"]
[White "Vachtfeidl, Petr"]
[Black "Pischikov, Vadim"]
[Result "1-0"]
[WhiteElo "1996"]
[BlackElo "2130"]
[WhiteFideId "315028"]
[BlackFideId "4100280"]
[EventDate "2014.07.16"]

1. e4 e5 2. Nf3 Nc6 3. Bb5 a6 4. Ba4 Nge7 5. c3 g6 6. d4 exd4 7. cxd4 b5 8. Bb3
Bg7 9. O-O O-O 10. Nc3 d6 11. h3 Bb7 12. Re1 Na5 13. Bc2 c5 14. d5 b4 15. Na4
Re8 16. Bg5 h6 17. Bf4 Nc4 18. Rb1 Rb8 19. Bd3 Na5 20. b3 Rc8 21. Qe2 Nxd5 22.
Bd2 Nc3 23. Nxc3 bxc3 24. Bf4 d5 25. e5 d4 26. b4 Bxf3 27. Qxf3 cxb4 28. Rxb4
Nc6 29. Rb7 Ne7 30. e6 Qd5 31. Qxd5 Nxd5 32. exf7+ Kh7 33. fxe8=Q Rxe8 34. Rxe8
Nxf4 35. Ree7 h5 36. Rxg7+ Kh6 37. h4 1-0

[Event "25th Czech Rapid G1 2014"]
[Site "Pardubice CZE"]
[Date "2014.07.16"]
[Round "2.68"]
[White "Sykora, Josef"]
[Black "Kopriva, Martin"]
[Result "1-0"]
[WhiteElo "2117"]
[BlackElo "1871"]
[WhiteFideId "313220"]
[BlackFideId "357740"]
[EventDate "2014.07.16"]

1. c4 g6 2. g3 Bg7 3. Bg2 Nf6 4. Nc3 O-O 5. e3 d6 6. Nge2 c6 7. d4 Qc7 8. O-O e5
9. b3 a5 10. Qd2 Na6 11. Bb2 Ne8 12. Rfd1 f5 13. f4 e4 14. d5 c5 15. Nb5 Qd8 16.
Nec3 Nec7 17. Bf1 Kh8 18. Be2 g5 19. fxg5 Kg8 20. h4 h6 21. gxh6 Bxh6 22. Rf1
Kh7 23. Bd1 Ne8 24. Ne2 Rg8 25. Kf2 Nf6 26. Nf4 Nb4 27. Be2 Bxf4 28. exf4 e3+
29. Qxe3 Ne4+ 30. Kg2 Nc2 31. Qf3 Rxg3+ 32. Qxg3 Nxg3 33. Kxg3 Nxa1 34. Rxa1 Qe8
35. Bf3 Qe7 36. Bc3 Bd7 37. Re1 Rg8+ 38. Kh3 Qf7 39. Nxd6 Qg6 40. Re7+ Kh6 41.
Nf7+ Kh7 42. Ng5+ Kh6 43. h5 1-0

[Event "25th Czech Rapid G1 2014"]
[Site "Pardubice CZE"]
[Date "2014.07.16"]
[Round "2.69"]
[White "Kotyk, Vaclav"]
[Black "Petrovskis, Olegs"]
[Result "1/2-1/2"]
[WhiteElo "1848"]
[BlackElo "2062"]
[WhiteFideId "384232"]
[BlackFideId "11603186"]
[EventDate "2014.07.16"]

1. e4 c5 2. Nf3 d6 3. d4 cxd4 4. Nxd4 Nf6 5. Nc3 a6 6. h3 e5 7. Nb3 Be6 8. Be3
Nbd7 9. a4 Be7 10. Be2 Rc8 11. O-O O-O 12. a5 Rxc3 13. bxc3 Nxe4 14. Bf3 Nxc3
15. Qd3 e4 16. Bxe4 Nxe4 17. Qxe4 Qc8 18. Rfd1 Re8 19. Qd3 Ne5 20. Qd4 Nc4 21.
Rab1 Bf6 22. Qa7 Nxe3 23. Qxe3 Bg4 24. Qb6 Bxd1 25. Rxd1 Qxc2 26. Rc1 Qb2 27.
Qxb7 g6 28. Rc8 Qb1+ 29. Kh2 Be5+ 30. g3 Rxc8 31. Qxc8+ Kg7 32. Qc4 Qd1 33. Kg2
d5 34. Qb4 d4 35. Qc5 Qe2 36. Qd5 Bf6 1/2-1/2

[Event "25th Czech Rapid G1 2014"]
[Site "Pardubice CZE"]
[Date "2014.07.16"]
[Round "2.70"]
[White "Vykydal, Frantisek"]
[Black "Gadzhiev, Farid"]
[Result "1/2-1/2"]
[WhiteTitle "CM"]
[WhiteElo "2117"]
[BlackElo "1889"]
[WhiteFideId "301744"]
[BlackFideId "24194450"]
[EventDate "2014.07.16"]

1. e4 c5 2. Nc3 e6 3. g3 Nc6 4. Bg2 g6 5. Nge2 Bg7 6. d3 Nge7 7. Be3 d6 8. Qd2
O-O 9. Bh6 a6 10. h4 Nd4 11. Bxg7 Kxg7 12. h5 Kg8 13. hxg6 fxg6 14. Qh6 Rf7 15.
O-O-O Qf8 16. Qh4 Bd7 17. Nxd4 cxd4 18. Ne2 e5 19. f4 Rc8 20. Kb1 Rc7 21. fxe5
dxe5 22. Rdf1 Be6 23. Bh3 Bxh3 24. Qxh3 Nc6 25. Qe6 Kg7 26. Qh3 Rxf1+ 27. Rxf1
Rf7 28. Rh1 Kg8 29. a3 Qe7 30. Nc1 Rf2 31. Nb3 Nd8 32. Qc8 Kg7 33. Nc5 Rf8 34.
Qh3 h5 35. Nd7 Rf7 36. Nb6 Rf2 37. Nd5 Qf7 38. g4 Rf3 39. Qh4 Rf1+ 40. Rxf1
Qxf1+ 41. Ka2 Nf7 42. gxh5 gxh5 43. Qxh5 Qg2 44. Kb3 a5 45. a4 Kf8 46. Qf5 Kg7
47. Nc7 Qg6 48. Ne8+ Kh6 49. Qxg6+ Kxg6 50. Nd6 Nxd6 51. c3 dxc3 52. bxc3 Kf6
53. d4 exd4 54. cxd4 Nxe4 55. Kc4 Nd6+ 56. Kc5 Ke6 57. Kb6 Kd5 58. Kxa5 Kxd4 59.
Kb6 Kd5 60. a5 Nc4+ 61. Kxb7 Nxa5+ 1/2-1/2

[Event "25th Czech Rapid G1 2014"]
[Site "Pardubice CZE"]
[Date "2014.07.16"]
[Round "3.1"]
[White "Nisipeanu, Liviu-Dieter"]
[Black "Dolezal, Radoslav1"]
[Result "1/2-1/2"]
[WhiteTitle "GM"]
[BlackTitle "IM"]
[WhiteElo "2686"]
[BlackElo "2368"]
[WhiteFideId "1202758"]
[BlackFideId "304735"]
[EventDate "2014.07.16"]

1. d4 Nf6 2. Nf3 e6 3. c4 d5 4. Nc3 Be7 5. Bf4 O-O 6. a3 a6 7. c5 Nh5 8. e3 Nxf4
9. exf4 Nc6 10. b4 Bd7 11. Bd3 Bf6 12. Bc2 Qe7 13. h4 Rfb8 14. Qd3 g6 15. h5 Be8
16. hxg6 fxg6 17. O-O Qg7 18. Rad1 b6 19. Rfe1 Bd7 20. Re3 bxc5 21. dxc5 Bxc3
22. Qxc3 Qxc3 23. Rxc3 a5 24. b5 Rxb5 25. Ba4 Rb2 26. Bxc6 Bxc6 27. Nd4 Ba4 28.
Re1 Re8 29. Rce3 Bd7 30. c6 Bc8 31. Rb3 Rxb3 32. Nxb3 Ba6 33. Nxa5 Kf7 34. Nb3
Ra8 35. a4 Bc8 36. Ra1 Ke7 37. a5 Kd6 38. Nd4 Kc5 39. Ra4 Rb8 40. Kh2 Rb1 41. a6
Rb8 42. a7 Ra8 43. g4 Kb6 44. Rb4+ Kxa7 45. Kg3 Rb8 46. Nb5+ Kb6 47. Nd4+ Ka7
48. Nb5+ Kb6 49. Nd6+ Ka7 50. Nxc8+ Rxc8 51. Rb7+ Ka6 52. g5 d4 53. Kf3 d3 54.
Ke3 Rd8 55. Kd2 Rd4 56. Rxc7 Rxf4 57. Rxh7 Rxf2+ 58. Kxd3 Rf5 59. Rb7 Rxg5 60.
Kc4 Rd5 61. Rb8 Rd6 62. Kc5 Rd5+ 63. Kb4 Rd4+ 64. Kc5 Rd5+ 65. Kc4 Rd6 66. Kc5
Rd5+ 67. Kb4 Rd4+ 68. Kb3 Rd3+ 69. Kc4 Rd6 70. Kc5 Rd5+ 1/2-1/2

[Event "25th Czech Rapid G1 2014"]
[Site "Pardubice CZE"]
[Date "2014.07.16"]
[Round "3.2"]
[White "Sundararajan, Kidambi"]
[Black "Navara, David"]
[Result "1/2-1/2"]
[WhiteTitle "GM"]
[BlackTitle "GM"]
[WhiteElo "2414"]
[BlackElo "2716"]
[WhiteFideId "5005370"]
[BlackFideId "309095"]
[EventDate "2014.07.16"]

1. d4 Nf6 2. Bg5 d5 3. e3 c5 4. c3 Ne4 5. Bf4 Qb6 6. Qb3 Nc6 7. f3 Nd6 8. Nd2 e6
9. Nh3 f6 10. O-O-O e5 11. dxe5 Qxb3 12. Nxb3 fxe5 13. Bg3 c4 14. Nd2 b5 15. e4
d4 16. f4 dxc3 17. bxc3 Bg4 18. Re1 O-O-O 19. fxe5 Nf7 20. Nf3 Bxf3 21. gxf3
Nfxe5 22. Nf4 Nxf3 23. Bh3+ Kb7 24. Rd1 Ba3+ 25. Kc2 Nce5 26. Ne6 Rd3 27. Bg2
Re8 28. Bxe5 Nxe5 29. Nf4 Rxd1 30. Rxd1 Rf8 31. Ne6 Rf6 32. Nd4 Kb6 33. Nf5 g6
34. Ne3 Rf2+ 35. Rd2 Rxd2+ 36. Kxd2 Bd6 37. h3 Nd7 38. Kc2 Kc5 39. Nd5 Be5 40.
Bf1 a6 41. Be2 Kd6 42. a4 Nc5 43. axb5 axb5 44. Bf3 Nd3 45. Kd2 Bf4+ 46. Ke2 h5
47. Bg2 Bg5 48. Bf3 Ke5 49. Bg2 Bd8 50. Ke3 Nf4 51. Nxf4 Bg5 52. Bf3 Bxf4+ 53.
Ke2 Kd6 54. Kd1 Be5 55. Kd2 Ke6 56. h4 Bf6 57. e5 Kxe5 58. Bc6 b4 59. cxb4 Bxh4
60. Kc3 Kf4 61. Be8 Kf5 62. Kxc4 Bf2 63. Kd3 h4 64. Ke2 Bb6 1/2-1/2

[Event "25th Czech Rapid G1 2014"]
[Site "Pardubice CZE"]
[Date "2014.07.16"]
[Round "3.3"]
[White "Oparin, Grigoriy"]
[Black "Satyapragyan, Swayangsu"]
[Result "1/2-1/2"]
[WhiteTitle "GM"]
[BlackTitle "IM"]
[WhiteElo "2550"]
[BlackElo "2393"]
[WhiteFideId "24125890"]
[BlackFideId "5004306"]
[EventDate "2014.07.16"]

1. e4 c5 2. Nf3 Nc6 3. Nc3 e6 4. d4 cxd4 5. Nxd4 d6 6. Be2 Nf6 7. Be3 Be7 8. O-O
a6 9. f4 Bd7 10. a4 Nxd4 11. Qxd4 Bc6 12. Bf3 O-O 13. Kh1 Rc8 14. a5 d5 15. e5
Ne4 16. Bxe4 dxe4 17. Rfd1 Qxd4 18. Bxd4 Bb4 19. Kg1 Rfd8 20. Bb6 Rxd1+ 21. Nxd1
f6 22. Ne3 Bd2 23. Kf2 fxe5 24. fxe5 Bb5 25. c3 Rf8+ 26. Kg1 Be2 27. Bd4 Bxe3+
28. Bxe3 h5 29. h3 Rf5 30. Bd4 Bc4 31. Re1 Bd3 32. b3 Kf7 33. Kh2 Ke7 34. Kg3
Kd7 35. Rc1 Kc6 36. c4 Rg5+ 37. Kf2 Rf5+ 38. Kg3 Rg5+ 39. Kf2 Rf5+ 40. Kg3 1/2-1/2

[Event "25th Czech Rapid G1 2014"]
[Site "Pardubice CZE"]
[Date "2014.07.16"]
[Round "3.4"]
[White "Freisler, Pavel"]
[Black "Bryzgalin, Kirill"]
[Result "0-1"]
[WhiteTitle "IM"]
[BlackTitle "GM"]
[WhiteElo "2301"]
[BlackElo "2460"]
[WhiteFideId "301477"]
[BlackFideId "4133285"]
[EventDate "2014.07.16"]

1. Nf3 d5 2. d4 Nf6 3. c4 c6 4. cxd5 cxd5 5. Nc3 a6 6. Bf4 Nc6 7. e3 Bg4 8. Be2
Bxf3 9. Bxf3 e6 10. O-O Be7 11. Qd2 O-O 12. Rfc1 Rc8 13. Na4 Nd7 14. a3 Nb6 15.
Nc5 Nc4 16. Qe2 Bxc5 17. dxc5 N4e5 18. b4 Qf6 19. Rab1 Nxf3+ 20. Qxf3 e5 21. Bg3
Qe6 22. Qe2 Rfd8 23. f3 f6 24. Bf2 Rd7 25. a4 Rdc7 26. Qa2 Qf7 27. Rd1 Rd7 28.
Be1 Nd8 29. Rbc1 Ne6 30. Rc2 d4 31. Rcd2 a5 32. exd4 exd4 33. bxa5 Rxc5 34. Bf2
Rcd5 35. Qc4 Rxa5 36. Bxd4 Rad5 37. Be3 Rxd2 38. Rxd2 Rc7 39. Qd5 h6 40. h3 Rc1+
41. Kf2 f5 42. Qd7 Rc7 43. Qxf7+ Kxf7 44. Bb6 Re7 45. a5 Ke8 46. Rd5 g6 47. g4
Nf4 48. Rd2 Nxh3+ 49. Kg3 fxg4 50. Kxg4 Ng5 51. Rd8+ Kf7 52. Bc5 Re5 53. Rd7+
Ke6 54. Rd6+ Kf7 55. Bb4 h5+ 56. Kg3 Rb5 57. Bc3 Ne6 58. Rd7+ Ke8 59. Rh7 Rb3
60. Bf6 Kf8 61. Re7 Nd4 62. Rd7 Rxf3+ 63. Kg2 Rxf6 64. Rxd4 Kg7 65. Rb4 Rf7 66.
Rb6 Kh6 0-1

[Event "25th Czech Rapid G1 2014"]
[Site "Pardubice CZE"]
[Date "2014.07.16"]
[Round "3.5"]
[White "Vajda, Levente"]
[Black "Zpevak, Pavel"]
[Result "1-0"]
[WhiteTitle "GM"]
[BlackTitle "IM"]
[WhiteElo "2569"]
[BlackElo "2362"]
[WhiteFideId "1203975"]
[BlackFideId "300586"]
[EventDate "2014.07.16"]

1. e4 c5 2. c3 e6 3. d4 d5 4. exd5 exd5 5. Nf3 Nc6 6. Be3 c4 7. b3 cxb3 8. axb3
Bd6 9. g3 Nge7 10. Bg2 Bg4 11. O-O O-O 12. Qd2 b5 13. Ne1 a5 14. Nd3 Bf5 15. Nf4
Bxf4 16. Bxf4 a4 17. bxa4 bxa4 18. Qd1 Qb6 19. Ra3 Rfd8 20. Nd2 Bd3 21. Re1 Bb5
22. Qb1 Qa6 23. Nb3 Bd3 24. Qd1 Bc4 25. Nc5 Qa5 26. Nb7 Qa7 27. Nxd8 Nxd8 28.
Bd6 Ndc6 29. Bc5 1-0

[Event "25th Czech Rapid G1 2014"]
[Site "Pardubice CZE"]
[Date "2014.07.16"]
[Round "3.6"]
[White "Babula, Vlastimil"]
[Black "Pribyl, Josef"]
[Result "1-0"]
[WhiteTitle "GM"]
[BlackTitle "IM"]
[WhiteElo "2549"]
[BlackElo "2269"]
[WhiteFideId "301264"]
[BlackFideId "300187"]
[EventDate "2014.07.16"]

1. d4 Nf6 2. c4 g6 3. Nc3 d5 4. Qb3 dxc4 5. Qxc4 Bg7 6. e4 c6 7. Nf3 O-O 8. Be2
b5 9. Qb3 Be6 10. Qc2 Qa5 11. Bd2 b4 12. Nd1 Qb6 13. O-O a5 14. b3 Nbd7 15. Nb2
Rfc8 16. Rac1 Qa7 17. h3 Nb6 18. Ne5 Qb7 19. Nxc6 Rc7 20. Bf3 Rac8 21. d5 Nfxd5
22. exd5 Bf5 23. Nd3 Qa6 24. Nc5 Qxf1+ 25. Kxf1 Bxc2 26. Rxc2 e6 27. Bf4 e5 28.
Be3 Bf8 29. g4 Nxd5 30. Bxd5 Rxc6 31. Bxc6 Rxc6 32. g5 h6 33. h4 hxg5 34. hxg5
Be7 35. Ke2 Kg7 36. Rc1 1-0

[Event "25th Czech Rapid G1 2014"]
[Site "Pardubice CZE"]
[Date "2014.07.16"]
[Round "3.7"]
[White "Vrana, Jan"]
[Black "Cvek, Robert"]
[Result "1/2-1/2"]
[WhiteTitle "FM"]
[BlackTitle "GM"]
[WhiteElo "2374"]
[BlackElo "2516"]
[WhiteFideId "322369"]
[BlackFideId "307424"]
[EventDate "2014.07.16"]

1. e4 c5 2. c3 Nf6 3. e5 Nd5 4. d4 cxd4 5. Nf3 e6 6. cxd4 d6 7. Bc4 Nb6 8. Bd3
Nc6 9. a3 dxe5 10. dxe5 Nd7 11. Bf4 Nc5 12. Bc2 Qxd1+ 13. Kxd1 Be7 14. b4 Nd7
15. Nc3 O-O 16. Ne4 h6 17. h4 f6 18. exf6 Nxf6 19. Bg3 Nh5 20. Bb3 Nxg3 21. fxg3
Bd7 22. Re1 Rad8 23. Kc2 Kh8 24. Rad1 Bc8 25. Rxd8 Rxd8 26. g4 Nd4+ 27. Nxd4
Rxd4 28. g5 e5 29. Kc3 b6 1/2-1/2

[Event "25th Czech Rapid G1 2014"]
[Site "Pardubice CZE"]
[Date "2014.07.16"]
[Round "3.8"]
[White "Pavlidis, Antonios"]
[Black "Ageichenko, Genadi A"]
[Result "1-0"]
[WhiteTitle "IM"]
[BlackTitle "IM"]
[WhiteElo "2479"]
[BlackElo "2297"]
[WhiteFideId "4212312"]
[BlackFideId "4105222"]
[EventDate "2014.07.16"]

1. e4 c5 2. Nf3 e6 3. d4 cxd4 4. Nxd4 a6 5. Bd3 Qc7 6. O-O Nf6 7. Qe2 d6 8. Nc3
Be7 9. Kh1 Nc6 10. Be3 O-O 11. f4 Nxd4 12. Bxd4 e5 13. Be3 exf4 14. Bxf4 Be6 15.
e5 Nd7 16. exd6 Bxd6 17. Bxd6 Qxd6 18. Rad1 Qe5 19. Qf2 Nc5 20. Be2 Rad8 21. Bf3
b5 22. a3 Bc4 23. Rfe1 Rxd1 24. Nxd1 Qc7 25. Ne3 Be6 26. Nd5 Qd6 27. Rd1 Kh8 28.
Nf4 Qxf4 29. Qxc5 Qb8 30. Rd6 Rd8 31. Rxa6 Qf4 32. Qg1 g5 33. Ra8 Rxa8 34. Bxa8
Qd2 35. Be4 f5 36. Bd3 Bd5 37. Qd4+ 1-0

[Event "25th Czech Rapid G1 2014"]
[Site "Pardubice CZE"]
[Date "2014.07.16"]
[Round "3.9"]
[White "Sergeyev, Alexander"]
[Black "Mozharov, Mikhail"]
[Result "0-1"]
[WhiteTitle "FM"]
[BlackTitle "GM"]
[WhiteElo "2389"]
[BlackElo "2540"]
[WhiteFideId "13702076"]
[BlackFideId "4189825"]
[EventDate "2014.07.16"]

1. d4 Nf6 2. Nf3 e6 3. c4 b6 4. Nc3 Bb7 5. Bf4 Bb4 6. e3 Ne4 7. Qc2 Bxc3+ 8.
bxc3 d6 9. Bd3 f5 10. h3 Nd7 11. Rg1 Qe7 12. g4 e5 13. Bh2 exd4 14. Nxd4 g6 15.
gxf5 Ndc5 16. Ne6 gxf5 17. Nxc5 Nxc5 18. Bxf5 Rf8 19. O-O-O Ne4 20. Qa4+ Kd8 21.
Bxe4 Bxe4 22. Bf4 Kc8 23. Rg5 Kb7 24. c5 Bc6 25. Qb3 dxc5 26. Rdg1 Rf7 27. Re5
Qf8 28. Bh6 c4 29. Qxc4 Qa3+ 30. Kb1 Rxf2 31. Qb3 Qd6 32. Bf4 Qd3+ 33. Ka1 Rd8
34. Re7 Rf1+ 35. Kb2 Qb1+ 36. Ka3 Qc1+ 37. Qb2 Qxb2+ 38. Kxb2 Rd2+ 39. Ka3 Rxg1
40. Rxc7+ Ka6 41. Rxc6 Rgg2 42. Kb4 Rxa2 43. Rh6 Rg7 44. Be5 Re7 45. Bd4 Rg2 46.
h4 Rg4 47. c4 Kb7 0-1

[Event "25th Czech Rapid G1 2014"]
[Site "Pardubice CZE"]
[Date "2014.07.16"]
[Round "3.10"]
[White "Vishnu Prasanna, V"]
[Black "Shevchenko, Kirill"]
[Result "1-0"]
[WhiteTitle "GM"]
[BlackTitle "CM"]
[WhiteElo "2459"]
[BlackElo "2100"]
[WhiteFideId "5030692"]
[BlackFideId "14129574"]
[EventDate "2014.07.16"]

1. e4 c5 2. d3 d6 3. f4 g6 4. Nf3 Bg7 5. Be2 Nc6 6. O-O e6 7. c3 Nge7 8. d4 cxd4
9. cxd4 d5 10. e5 O-O 11. Nc3 Bd7 12. Be3 Nf5 13. Bf2 h5 14. Bd3 Nce7 15. h3 Nh6
16. Nh4 Qb6 17. Rb1 Nc6 18. g4 hxg4 19. hxg4 Nb4 20. Be2 Rfc8 21. Kg2 Qd8 22.
Rh1 g5 23. Qd2 gxh4 24. Bxh4 Qf8 25. Bf6 Nc6 26. Rh5 Qb4 27. Rbh1 Ne7 28. Rxh6
Bxh6 29. Rxh6 Ng6 30. f5 exf5 31. Rh8+ Nxh8 32. Qh6 1-0